Pripravované zmeny v zákone o účtovníctve od 1.1.2014

Salvato in:
Dettagli Bibliografici
Autore principale: Meluchová, Jitka, 1965-
Natura: Capitolo di libro
Lingua:slovacco
Soggetti:
Tags: Aggiungi Tag
Nessun Tag, puoi essere il primo ad aggiungerne!!

MARC

LEADER 00000naa a2200000 4500
001 0183923
005 20240502073142.3
041 0 |a slo 
044 |a SK 
245 1 0 |a Pripravované zmeny v zákone o účtovníctve od 1.1.2014  |c Jitka Meluchová 
610 2 0 |a účtovníctvo 
610 2 0 |a zákony 
610 2 0 |a novelizácia 
100 1 |a Meluchová, Jitka, 1965-